000 00965cab a2200313 4500
001 ABS56471
008 090401t1997 xxu||||| |||| 00| 0 eng d
035 _a(Sirsi) u23879
041 _aeng
100 _aEichholtz, P.
245 _aProperty turns up trumps
260 _c1997
350 _a0
490 _aEstates Gazette
_v(9704) 25 January 1997, 128-130(3)
520 _aAssesses how interest in real estate as an asset class is growing worldwide. Looks at what it has to offer the investor, and reviews activity in Europe, the Far East, and North America.
650 _aEUROPE
650 _aFAR EAST
650 _aINVESTMENT PROPERTY
650 _aNORTH AMERICA
650 _aPROPERTY ASSETS
650 _aPROPERTY INVESTMENT
650 _aPROPERTY SHARES
650 _aREAL ESTATE
650 _aSECURITISATION
690 _aPROPERTY-PROPERTY FINANCE AND INVESTMENT
700 _aOp`t Veld, H.
942 _n0
948 _c04/03/1997
999 _c15988
_d15988